Elements of economics / (Record no. 899)
[ view plain ]
| 000 -LEADER | |
|---|---|
| fixed length control field | 00527nam a22002057a 4500 |
| 001 - CONTROL NUMBER | |
| control field | BD-DhSAU 899 |
| 003 - CONTROL NUMBER IDENTIFIER | |
| control field | BD-DhSAU |
| 005 - DATE AND TIME OF LATEST TRANSACTION | |
| control field | 20150107211548.0 |
| 008 - FIXED-LENGTH DATA ELEMENTS--GENERAL INFORMATION | |
| fixed length control field | 150107b1966 bd ||||r|||| 00| 0 eng d |
| 040 ## - CATALOGING SOURCE | |
| Original cataloging agency | BD-DhSAU |
| 082 ## - DEWEY DECIMAL CLASSIFICATION NUMBER | |
| Edition number | 22 |
| Classification number | 330 |
| Item number | JAE |
| 100 ## - MAIN ENTRY--PERSONAL NAME | |
| Personal name | Khan, M. A. Jalil. |
| 245 ## - TITLE STATEMENT | |
| Title | Elements of economics / |
| Statement of responsibility, etc. | M. A. Jalil Khan. |
| 250 ## - EDITION STATEMENT | |
| Edition statement | 3rd edition. |
| 260 ## - PUBLICATION, DISTRIBUTION, ETC. (IMPRINT) | |
| Place of publication, distribution, etc. | Dhaka : |
| Name of publisher, distributor, etc. | Mullick Bros. ; |
| Date of publication, distribution, etc. | c1966. |
| 300 ## - PHYSICAL DESCRIPTION | |
| Extent | xiv, 424 p.: |
| Other physical details | 21 cm. |
| 590 ## - Name of Cataloguer | |
| Name of Cataloger | joy |
| 650 ## - SUBJECT ADDED ENTRY--TOPICAL TERM | |
| Topical term or geographic name as entry element | Economics |
| 650 ## - SUBJECT ADDED ENTRY--TOPICAL TERM | |
| Topical term or geographic name as entry element | Economics. |
| Geographic subdivision | Pakistan. |
| 942 ## - ADDED ENTRY ELEMENTS (KOHA) | |
| Source of classification or shelving scheme | Dewey Decimal Classification |
| Koha item type | Book |
| Withdrawn status | Lost status | Source of classification or shelving scheme | Damaged status | Not for loan | Home library | Branch Name | Shelving location | Date acquired | Total Checkouts | Full call number | Barcode | Date last seen | Date checked out | Price effective from | Koha item type | Collection code |
|---|---|---|---|---|---|---|---|---|---|---|---|---|---|---|---|---|
| Dewey Decimal Classification | SAU Library | SAU Library | General Stacks | 20/11/1986 | 2 | 330 JAE | 10339 | 07/01/2026 | 09/11/2025 | 07/01/2015 | Book | |||||
| Dewey Decimal Classification | Not For Loan | SAU Library | SAU Library | Reference | 21/04/1979 | 330 JAE | 2971 | 17/05/2015 | 17/05/2015 | Book | ||||||
| Dewey Decimal Classification | Not For Loan | SAU Library | SAU Library | Reference | 19/04/1979 | 330 JAE | 2972 | 22/05/2015 | 22/05/2015 | Book | Reference |
